000
00335nam a2200133Ia 4500
008
240624s9999 xx 000 0 und d
041
_a
eng
082
_a
374.8 GUL
100
_a
GULHATI SHASHI K
245
_a
IITS SLUMPING OR SOARING
260
_c
2007
_a
New Delhi
_b
Macmillan
300
_a
xii, : 133 : p. : cm. ; 21
365
_c
RS
_b
35
999
_c
8015
_d
8015